| 000 | 00744nam a2200241 i 4500 | ||
|---|---|---|---|
| 001 | bg | ||
| 245 | 7 | 0 |
_aConflict in urban development : _ba comparison between East and West Europe / _cArie Dekker [et al.]. |
| 260 |
_a[Hants] : _bAshgate, _ccop. 1992. |
||
| 300 |
_aXI, 181 s. : _brys. ; _c24 cm. |
||
| 504 | _aBibliogr. przy rozdz. | ||
| 650 | 9 |
_aKonflikt społeczny _xzagadnienia _zEuropa |
|
| 650 | 9 |
_aMiasta _xsocjologia _zEuropa |
|
| 650 | 9 |
_aSpołeczności lokalne _xsocjologia |
|
| 650 | 9 |
_aSocjologia _xzagadnienia |
|
| 700 | 1 | _aDEKKER, Arie. | |
| 020 | _a1857420403 | ||
| 040 | _cBPK | ||
| 041 | 0 | _aen | |
| 080 | _a316.334.56:316.48](4) | ||
| 920 | _a1-85742-040-3 | ||
| 942 | _cKS | ||
| 008 | s pl f |000 0 pol | ||
| 999 |
_c30795 _d30795 |
||
| 856 |
_uhttp://koha.tu.koszalin.pl/cgi-bin/koha/opac-detail.pl?biblionumber=30795 _yKatalog online BPK |
||